00994nam a2200241Ia 450000500170000000800410001702000150005804000180007304100080009108200200009910000320011924500670015125000120021826000460023030000290027665000370030565000360034265000420037894200250042099900190044595201300046495201580059420240503100050.0210716s2003 xx 000 0 und d a8126504064 cAIMIT LIBRARY aeng a005.7321bAMML aAmmeraal, Leendert.9162995 aAlgorithms and data structures in c++ /cby Leendert Ammeraal. a1st ed. aNew Delhi :bJohn Wiley and Sons ,c2003. aviii,352 p.;bPBc24 cm. aSorting arrays and files9162996 aStacks queues and lists9162997 aSome combinatorial algorithms9162998 2ddccBKk005.73 AMML c185979d185979 001040708MCAaAIMITbAIMITeSita Book Houseg199.00l0o005.73 AMMLpMCA05487r2026-05-23 00:00:00v169.15w2021-07-16yBK 001040708MCAaAIMITbAIMITeL B Publishers and Distributorsg199.00l1o005.73 AMMLpMCA06271r2026-05-23 00:00:00s2024-03-22v169.15w2021-07-16yBK